The spiritual dilemma of the Jewish people. (Record no. 16994)

000 -LEADER
fixed length control field 00487nam a2200169 a 4500
001 - CONTROL NUMBER
control field :::00020366$&:&@@
003 - CONTROL NUMBER IDENTIFIER
control field OkBaRHE
005 - DATE AND TIME OF LATEST TRANSACTION
control field 20020223104615.0
008 - FIXED-LENGTH DATA ELEMENTS--GENERAL INFORMATION
fixed length control field s1963 j 000 0 eng u
040 ## - CATALOGING SOURCE
Transcribing agency
100 1# - MAIN ENTRY--PERSONAL NAME
Personal name Kac, Arthur W.
245 14 - TITLE STATEMENT
Title The spiritual dilemma of the Jewish people.
260 ## - PUBLICATION, DISTRIBUTION, ETC. (IMPRINT)
Place of publication, distribution, etc Chicago
Name of publisher, distributor, etc Moody Press
Date of publication, distribution, etc 1963
300 ## - PHYSICAL DESCRIPTION
Extent 128 p.
942 ## - ADDED ENTRY ELEMENTS (KOHA)
Source of classification or shelving scheme
Koha item type Books
Copies
Permanent Location Barcode Date last seen Withdrawn status Not for loan Koha item type Price effective from Damaged status Full call number Copy number Source of classification or shelving scheme Shelving location Date acquired Lost status
RHEMA Bible Training College203662010-04-14  Books2010-04-14 BM 561 .K31 General Stacks2010-04-14